000 00659nam a2200229 a 4500
999 _c4668
_d4668
001 4668
003 BD-JhCC
005 20180327083237.0
008 171129s1969 u a|||| || | 001 0 eng d
035 _a(BD-JhCC)4668
040 _aBD-JhCC
_dBD-JhCC
041 _aeng
082 _a601.8
_bMAN 1969
245 _aThe Man Made World :
_bA Course on the theories and Techniques that contribute to our technological civilization /
260 _aU. S. A :
_bMcGraw- Hill,
_c1969.
300 _a292 p. :
_bill. ;
_c22 cm.
504 _aIncludes Index
650 _aTechnology Mathology
650 _aEngineering Mathology
942 _2ddc
_cBK